Tam quốc diễn nghĩa; T2 [Trọn bộ 3 tập]

Guardat en:
Dades bibliogràfiques
Autor principal: La Quán Trung
Format: Llibre
Idioma:Undetermined
Publicat: Hà Nội Văn Học 1999
Matèries:
Etiquetes: Afegir etiqueta
Sense etiquetes, Sigues el primer a etiquetar aquest registre!
Thư viện lưu trữ: Trung tâm Học liệu Trường Đại học Cần Thơ
LEADER 00549nam a2200181Ia 4500
001 CTU_35872
008 210402s9999 xx 000 0 und d
082 |a 895.13 
082 |b Tr513/T2 
100 |a La Quán Trung 
245 0 |a Tam quốc diễn nghĩa; T2 
245 0 |b [Trọn bộ 3 tập] 
245 0 |c La Quán Trung, Phan Kế Bính 
260 |a Hà Nội 
260 |b Văn Học 
260 |c 1999 
650 |a chinese literature,historical fiction, chinese 
980 |a Trung tâm Học liệu Trường Đại học Cần Thơ